| Record ID | marc_records_scriblio_net/part28.dat:26150780:1037 |
| Source | Scriblio |
| Download Link | /show-records/marc_records_scriblio_net/part28.dat:26150780:1037?format=raw |
LEADER: 01037cam 2200301 a 4500
001 99087416
003 DLC
005 20030902101245.0
008 991216s2000 enk b 001 0 eng
010 $a 99087416
020 $a0415216117 (HB)
020 $a0415216125 (PB)
040 $aDLC$cDLC$dDLC
042 $apcc
043 $ae-it---$ae-gx---
050 00 $aDG571$b.K34 2000
082 00 $a320.53/3/0943$221
100 1 $aKallis, Aristotle A.,$d1970-
245 10 $aFascist ideology :$bterritory and expansionism in Italy and Germany, 1922-1945 /$cAristotle A. Kallis.
260 $aLondon$aNew York :$bRoutledge,$c2000.
300 $aix, 286 p. ;$c24 cm.
504 $aIncludes bibliographical references (p. 258-276) and index.
650 0 $aFascism$zItaly$xHistory.
651 0 $aItaly$xForeign relations$y1922-1945.
650 0 $aNationalism$zItaly$xHistory$y20th century.
650 0 $aNational socialism$xHistory.
651 0 $aGermany$xForeign relations$y1933-1945.
650 0 $aNationalism$zGermany$xHistory$y20th century.